[Event "Muensterland op 26th"]
[Site "Senden"]
[Date "2008.09.27"]
[Round "1"]
[White "Mir Wais, Milod"]
[Black "Rott, Georg"]
[Result "0-1"]
[WhiteElo "1957"]
[BlackElo "2239"]
[PlyCount "74"]
[EventDate "2008.09.27"]
[EventType "swiss"]
[EventRounds "9"]
[EventCountry "GER"]
[SourceTitle "EXT 2010"]
[Source "ChessBase"]
[SourceDate "2010.11.25"]
[SourceVersion "1"]
[SourceVersionDate "2010.11.25"]
[SourceQuality "1"]

1. e4 e6 2. d4 d5 3. Nc3 Bb4 4. e5 Ne7 5. Bd2 0-0 6. a3 Bxc3 7. Bxc3 b6 8. Nf3 c5 9. b3 h6 10. Bb2 Ba6 11. Bxa6 Nxa6 12. 0-0 Rc8 13. c3 Nb8 14. Qe2 Nbc6 15. Rfd1 Na5 16. Nd2 cxd4 17. cxd4 Rc2 18. Qd3 Rxb2 19. Qc3 Rxd2 20. Rxd2 Qc8 21. Qd3 Qb7 22. Rc1 Rc8 23. Rdc2 Rxc2 24. Rxc2 Nac6 25. g4 Ng6 26. Qe3 Na5 27. f4 Qe7 28. f5 exf5 29. gxf5 Nh4 30. f6 Qe6 31. Qf4 g5 32. Qg3 Qf5 33. Rf2 Qe4 34. Qh3 Qb1+ 35. Rf1 Qe4 36. Qc8+ Kh7 37. Qd7 Qg2# 0-1

[Event "NRW-ch U18"]
[Site "Kranenburg"]
[Date "2008.03.28"]
[Round "6"]
[White "Mir Wais, Milod"]
[Black "Kelbling, Philipp"]
[Result "0-1"]
[WhiteElo "1837"]
[BlackElo "1992"]
[PlyCount "110"]
[EventDate "2008.03.24"]
[EventType "swiss"]
[EventRounds "7"]
[EventCountry "GER"]
[SourceTitle "EXT 2009"]
[Source "ChessBase"]
[SourceDate "2008.11.26"]
[SourceVersion "1"]
[SourceVersionDate "2008.11.26"]
[SourceQuality "1"]

1. e4 c5 2. Nf3 e6 3. d4 cxd4 4. Nxd4 Nf6 5. Bd3 Nc6 6. Be3 e5 7. Nb3 d5 8. exd5 Nxd5 9. Bd2 Be7 10. Nc3 Be6 11. Qe2 Bg5 12. Be4 Bxd2+ 13. Qxd2 Nde7 14. 0-0-0 Bxb3 15. Qxd8+ Rxd8 16. axb3 f5 17. Bxc6+ Nxc6 18. Nd5 Kf7 19. c3 g5 20. Ne3 Ke6 21. b4 a6 22. b3 h5 23. Nc4 b5 24. Na5 Nxa5 25. bxa5 e4 26. Kc2 Ke5 27. Rhe1 Kf4 28. Re2 Rxd1 29. Kxd1 Rd8+ 30. Kc2 h4 31. Re1 h3 32. Rg1 Rh8 33. g4 fxg4 34. Rg3 Rf8 35. Kd2 Rf5 36. Ke2 Rc5 37. Re3 Rc8 38. Rg3 Rc7 39. Re3 Rb7 40. Rg3 b4 41. cxb4 Rxb4 42. Rc3 Rb5 43. Rc8 Rxb3 44. Rf8+ Ke5 45. Ra8 Ra3 46. Rxa6 e3 47. Ra8 exf2 48. Kxf2 g3+ 49. hxg3 Kf5 50. a6 Kg4 51. a7 Ra2+ 52. Ke3 h2 53. Rh8 Kxg3 54. Rh5 g4 55. Rh7 Rxa7 0-1

[Event "NRW-ch U18"]
[Site "Kranenburg"]
[Date "2008.03.26"]
[Round "4"]
[White "Wittenberg, Andreas"]
[Black "Mir Wais, Milod"]
[Result "1-0"]
[WhiteElo "1944"]
[BlackElo "1837"]
[PlyCount "57"]
[EventDate "2008.03.24"]
[EventType "swiss"]
[EventRounds "7"]
[EventCountry "GER"]
[SourceTitle "EXT 2009"]
[Source "ChessBase"]
[SourceDate "2008.11.26"]
[SourceVersion "1"]
[SourceVersionDate "2008.11.26"]
[SourceQuality "1"]

1. d4 d5 2. c4 e6 3. Nc3 c5 4. cxd5 exd5 5. Nf3 Nc6 6. g3 Nf6 7. Bg2 Be7 8. 0-0 0-0 9. dxc5 Bxc5 10. Na4 Be7 11. b3 Bg4 12. Bb2 Re8 13. Rc1 Ne4 14. Nd4 Bd7 15. Nc3 Bg5 16. e3 Nxf2 17. Rxf2 Bxe3 18. Nxd5 Bxc1 19. Bxc1 Be6 20. Nxe6 Rxe6 21. Bb2 Qe8 22. Qg4 Rg6 23. Qf4 Rd8 24. Be4 Re6 25. Qg4 Ne5 26. Bxe5 Rxe5 27. Nf6+ Kf8 28. Nxe8 Rdxe8 29. Bxh7 1-0

[Event "NRW-ch U18"]
[Site "Kranenburg"]
[Date "2008.03.25"]
[Round "2"]
[White "Heinichen, Nils"]
[Black "Mir Wais, Milod"]
[Result "1/2-1/2"]
[WhiteElo "1842"]
[BlackElo "1837"]
[PlyCount "51"]
[EventDate "2008.03.24"]
[EventType "swiss"]
[EventRounds "7"]
[EventCountry "GER"]
[SourceTitle "EXT 2009"]
[Source "ChessBase"]
[SourceDate "2008.11.26"]
[SourceVersion "1"]
[SourceVersionDate "2008.11.26"]
[SourceQuality "1"]

1. d4 d5 2. c4 e6 3. Nc3 c5 4. cxd5 exd5 5. Nf3 Nc6 6. g3 Nf6 7. Bg2 Be7 8. 0-0 0-0 9. dxc5 Bxc5 10. Bg5 Be7 11. Nd4 h6 12. Bf4 Be6 13. e4 Nxd4 14. Qxd4 dxe4 15. Qxd8 Rfxd8 16. Nxe4 Nxe4 17. Bxe4 Bd5 18. Bxd5 Rxd5 19. Rad1 Rad8 20. Rxd5 Rxd5 21. Rc1 Bc5 22. Rc3 g5 23. Be3 Bxe3 24. Rxe3 Rd2 25. Rb3 b6 26. Ra3 1/2-1/2

[Event "Muensterland op 25th"]
[Site "Senden"]
[Date "2007.09.29"]
[Round "1"]
[White "Mir Wais, Milod"]
[Black "Felczer, Kevin"]
[Result "1/2-1/2"]
[WhiteElo "1966"]
[BlackElo "2242"]
[PlyCount "68"]
[EventDate "2007.09.29"]
[EventType "swiss"]
[EventRounds "9"]
[EventCountry "GER"]
[SourceTitle "EXT 2008"]
[Source "ChessBase"]
[SourceDate "2007.11.25"]
[SourceVersion "1"]
[SourceVersionDate "2007.11.25"]
[SourceQuality "1"]

1. e4 c5 2. Nf3 d6 3. d4 cxd4 4. Nxd4 Nf6 5. Nc3 a6 6. Bc4 e6 7. 0-0 Nbd7 8. Re1 Qc7 9. Bb3 Nc5 10. f4 Be7 11. e5 Nfd7 12. Qg4 g6 13. Qg3 b5 14. a3 Nxb3 15. cxb3 Bb7 16. exd6 Qxd6 17. Be3 0-0 18. Rad1 Qc7 19. Nf3 Bf6 20. Bd4 Rfd8 21. Bxf6 Nxf6 22. Ne5 Rxd1 23. Rxd1 Rd8 24. Rxd8+ Qxd8 25. Qd3 Qb6+ 26. Kf1 Kg7 27. g4 b4 28. g5 Nd5 29. Nxd5 Bxd5 30. Nd7 Qb5 31. Qxb5 axb5 32. axb4 Bc6 33. Ne5 Be8 34. Ng4 Kf8 1/2-1/2

[Event "NRW U18 op"]
[Site "Olpe"]
[Date "2005.10.01"]
[Round "2.4"]
[White "Mir Wais, Milod"]
[Black "Coenen, Michael"]
[Result "0-1"]
[WhiteElo "1967"]
[BlackElo "2109"]
[PlyCount "112"]
[EventDate "2005.10.01"]
[EventType "swiss"]
[EventRounds "7"]
[EventCountry "GER"]
[SourceTitle "CBM 108 Extra"]
[Source "ChessBase"]
[SourceDate "2005.11.04"]
[SourceVersion "1"]
[SourceVersionDate "2005.11.04"]
[SourceQuality "1"]

1. a3 e5 2. c4 Nf6 3. e3 b6 4. Nc3 Bb7 5. d3 d5 6. cxd5 Nxd5 7. Nf3 Nxc3 8. bxc3 e4 9. dxe4 Qxd1+ 10. Kxd1 Bxe4 11. Bc4 Be7 12. Ke2 Nc6 13. Rd1 Na5 14. Bd3 Bxd3+ 15. Rxd3 Nb3 16. Rb1 Nxc1+ 17. Rxc1 Bxa3 18. Ra1 Be7 19. Ra6 0-0 20. Nd4 Rfd8 21. Nc6 Rxd3 22. Kxd3 Kf8 23. Rxa7 Rxa7 24. Nxa7 Ke8 25. Nc6 Bf6 26. Nb4 Kd7 27. Nd5 Bd8 28. e4 c6 29. Ne3 Bc7 30. g3 g5 31. Ng4 Ke6 32. Nh6 b5 33. Nf5 c5 34. Ne3 c4+ 35. Ke2 Ba5 36. Nd5 f5 37. Ke3 g4 38. Kd4 fxe4 39. Kxe4 Kd6 40. Nf6 Bxc3 41. Nxg4 b4 42. Ne3 Kc5 43. Nd1 Bd4 44. f4 b3 45. g4 c3 46. Kd3 c2 47. Kd2 Kd5 48. Kc1 Kc4 49. Nb2+ Kc3 50. Na4+ Kd3 51. Nb2+ Bxb2+ 52. Kxb2 Kd2 53. Kxb3 c1Q 54. f5 Kd3 55. f6 Qb1+ 56. Ka4 Kc4 0-1

[Event "Ruhrgebiet VK3 0405"]
[Site "Ruhrgebiet"]
[Date "2005.04.10"]
[Round "9.4"]
[White "Mir Wais, Milod"]
[Black "Armbruester, Juergen"]
[Result "0-1"]
[WhiteElo "1757"]
[BlackElo "1964"]
[PlyCount "70"]
[EventDate "2004.09.12"]
[EventType "team"]
[EventRounds "9"]
[EventCountry "GER"]
[SourceTitle "EXT 2006"]
[Source "ChessBase"]
[SourceDate "2005.11.24"]
[SourceVersion "1"]
[SourceVersionDate "2005.11.24"]
[SourceQuality "1"]
[WhiteTeam "Ahlen II"]
[BlackTeam "Katernberg III"]
[WhiteTeamCountry "GER"]
[BlackTeamCountry "GER"]

1. e4 e5 2. Nf3 Nf6 3. d4 Nxe4 4. Bd3 d5 5. Nxe5 Bd6 6. 0-0 0-0 7. c4 Bxe5 8. dxe5 Nc6 9. cxd5 Qxd5 10. Qf3 Bf5 11. Nc3 Nxc3 12. Qxf5 g6 13. Qh3 Nxe5 14. bxc3 Qxd3 15. Qh4 f6 16. Bh6 Rf7 17. f4 Qc4 18. Rad1 Nc6 19. Qg3 Qc5+ 20. Kh1 Qh5 21. Qh3 Qxh3 22. gxh3 Ne7 23. f5 Nxf5 24. Bf4 Re8 25. Rf3 Rfe7 26. Rfd3 Kf7 27. Rd7 c6 28. Kg2 g5 29. Bc1 Rxd7 30. Rxd7+ Re7 31. Rd8 c5 32. Ra8 b6 33. Rh8 Kg7 34. Rd8 Re2+ 35. Kf3 Rxa2 0-1

[Event "NRW-ch U16"]
[Site "Kranenburg"]
[Date "2005.03.28"]
[Round "1"]
[White "Rehberg, Raphael"]
[Black "Mir Wais, Milod"]
[Result "1-0"]
[WhiteElo "2190"]
[BlackElo "1987"]
[PlyCount "61"]
[EventDate "2005.03.28"]
[EventType "swiss"]
[EventRounds "7"]
[EventCountry "GER"]
[SourceTitle "CBM 105 Extra"]
[Source "ChessBase"]
[SourceDate "2005.05.01"]
[SourceVersion "1"]
[SourceVersionDate "2005.05.01"]
[SourceQuality "1"]

1. e4 c5 2. Nf3 e6 3. d4 cxd4 4. Nxd4 d6 5. c4 Be7 6. Nc3 Nf6 7. Be2 a6 8. 0-0 0-0 9. Be3 Nc6 10. f4 Bd7 11. Qe1 Qc7 12. Qg3 Rfe8 13. Kh1 Kh8 14. e5 dxe5 15. Nxc6 exf4 16. Bxf4 Qxc6 17. Be5 Rad8 18. Bd3 Bc8 19. Qh3 h6 20. Rxf6 Bxf6 21. Bxf6 Kg8 22. Qg3 g5 23. Qh3 e5 24. Qxh6 Qxf6 25. Bh7+ Kh8 26. Qxf6+ Kxh7 27. Qxf7+ Kh8 28. Rf1 Bg4 29. Rf6 Rd6 30. Rxd6 Bf5 31. Rh6+ 1-0

[Event "Ruhrgebiet VK3 0405"]
[Site "Ruhrgebiet"]
[Date "2005.02.20"]
[Round "7.5"]
[White "Mir Wais, Milod"]
[Black "Brockmann, Fabian"]
[Result "0-1"]
[WhiteElo "1757"]
[BlackElo "1970"]
[PlyCount "50"]
[EventDate "2004.09.12"]
[EventType "team"]
[EventRounds "9"]
[EventCountry "GER"]
[SourceTitle "EXT 2006"]
[Source "ChessBase"]
[SourceDate "2005.11.24"]
[SourceVersion "1"]
[SourceVersionDate "2005.11.24"]
[SourceQuality "1"]
[WhiteTeam "Ahlen II"]
[BlackTeam "Dortmund Hansa III"]
[WhiteTeamCountry "GER"]
[BlackTeamCountry "GER"]

1. e4 c5 2. Nf3 Nc6 3. d4 cxd4 4. Nxd4 Nf6 5. Nc3 g6 6. f3 Bg7 7. Be3 0-0 8. Bc4 Qb6 9. Qd2 Nxe4 10. Nxc6 Nxd2 11. Nxe7+ Kh8 12. Bxb6 Nxc4 13. Bf2 Nxb2 14. Ned5 Na4 15. Nxa4 Bxa1 16. Nc7 b5 17. Nxa8 bxa4 18. Bxa7 Bc3+ 19. Kf2 Ba6 20. Nb6 Bd4+ 21. Kg3 Rd8 22. Rd1 Bc5 23. Rd5 d6 24. Kh3 Re8 25. Rd1 Re7 0-1

[Event "Ruhrgebiet VK3 0405"]
[Site "Ruhrgebiet"]
[Date "2005.01.09"]
[Round "5.5"]
[White "Mir Wais, Milod"]
[Black "Leckebusch, Hans Peter"]
[Result "0-1"]
[WhiteElo "1757"]
[BlackElo "1878"]
[PlyCount "46"]
[EventDate "2004.09.12"]
[EventType "team"]
[EventRounds "9"]
[EventCountry "GER"]
[SourceTitle "EXT 2006"]
[Source "ChessBase"]
[SourceDate "2005.11.24"]
[SourceVersion "1"]
[SourceVersionDate "2005.11.24"]
[SourceQuality "1"]
[WhiteTeam "Ahlen II"]
[BlackTeam "Witten"]
[WhiteTeamCountry "GER"]
[BlackTeamCountry "GER"]

1. e4 e6 2. d4 d5 3. e5 c5 4. c3 Nc6 5. Nf3 Bd7 6. Bd3 Qc7 7. 0-0 cxd4 8. cxd4 Nb4 9. Nc3 Nxd3 10. Qxd3 a6 11. Bf4 Ne7 12. Rac1 Qa5 13. Nd2 Ng6 14. Be3 Bc6 15. f4 Nh4 16. g4 h5 17. f5 hxg4 18. fxe6 fxe6 19. Bg5 Nf5 20. Rf4 Rh3 21. Qc2 g3 22. hxg3 Rxg3+ 23. Kh2 Rxg5 0-1

[Event "Unna op"]
[Site "Unna"]
[Date "2004.12.27"]
[Round "1"]
[White "Moser, Klaus"]
[Black "Mir Wais, Milod"]
[Result "1/2-1/2"]
[WhiteElo "2294"]
[BlackElo "1987"]
[PlyCount "51"]
[EventDate "2004.12.27"]
[EventType "swiss"]
[EventRounds "7"]
[EventCountry "GER"]
[SourceTitle "CBM 104 Extra"]
[Source "ChessBase"]
[SourceDate "2005.03.01"]
[SourceVersion "1"]
[SourceVersionDate "2005.03.01"]
[SourceQuality "1"]

1. e4 c5 2. Nf3 d6 3. Nc3 e6 4. d4 cxd4 5. Nxd4 Nf6 6. Be2 Be7 7. 0-0 0-0 8. Be3 Nc6 9. Kh1 a6 10. a4 Qc7 11. f4 e5 12. Nb3 exf4 13. Bxf4 Ne5 14. Bg5 Qd8 15. Qd4 Be6 16. Bxf6 Bxf6 17. Nd5 Bxd5 18. Qxd5 Nc6 19. c3 Be5 20. Rf3 Ne7 21. Qd2 Ng6 22. g3 Re8 23. Rd1 Qd7 24. a5 Rad8 25. Qd5 Bf6 26. Rdf1 1/2-1/2

[Event "Ruhrgebiet-ch U14"]
[Site "Muelheim"]
[Date "2004.04.07"]
[Round "7"]
[White "Mir Wais, Milod"]
[Black "Luft, Dennis"]
[Result "1/2-1/2"]
[WhiteElo "1653"]
[BlackElo "1774"]
[PlyCount "102"]
[EventDate "2004.04.??"]
[EventType "swiss"]
[EventRounds "7"]
[EventCountry "GER"]
[SourceTitle "EXT 2005"]
[Source "ChessBase"]
[SourceDate "2004.11.15"]
[SourceVersion "1"]
[SourceVersionDate "2004.11.15"]
[SourceQuality "1"]

1. e4 e5 2. Nf3 Nc6 3. Bb5 Nf6 4. 0-0 Nxe4 5. d4 Nd6 6. Bxc6 dxc6 7. dxe5 Nf5 8. Qxd8+ Kxd8 9. Bg5+ Be7 10. Rd1+ Ke8 11. Bxe7 Kxe7 12. Nc3 Be6 13. Rd2 h6 14. g4 h5 15. gxf5 Bxf5 16. Nd4 Bg4 17. f3 Bh3 18. Ne4 Rh6 19. Kh1 Rg6 20. Rg1 Rxg1+ 21. Kxg1 Rh8 22. Nf2 Bc8 23. b4 a6 24. Ne4 Rd8 25. Nb3 Rh8 26. Rg2 g6 27. Nf6 Ke6 28. Re2 Rd8 29. Nc5+ Kf5 30. Nd3 b6 31. h4 Be6 32. a3 Bc4 33. Re3 Bxd3 34. cxd3 Rd4 35. Ne8 Rxh4 36. Nxc7 a5 37. bxa5 bxa5 38. e6 fxe6 39. Rxe6 Ra4 40. Rxc6 Rxa3 41. d4 Rd3 42. d5 a4 43. d6 a3 44. Ra6 Kf4 45. Nb5 Kg3 46. Kf1 Rxf3+ 47. Ke2 Rf2+ 48. Ke3 Rf7 49. Rxa3 h4 50. Ke4+ Kg2 51. Ra2+ Kg3 1/2-1/2

[Event "Ruhrgebiet-ch U14"]
[Site "Muelheim"]
[Date "2004.04.04"]
[Round "2"]
[White "Butschek, Marc"]
[Black "Mir Wais, Milod"]
[Result "0-1"]
[WhiteElo "1348"]
[BlackElo "1653"]
[PlyCount "42"]
[EventDate "2004.04.??"]
[EventType "swiss"]
[EventRounds "7"]
[EventCountry "GER"]
[SourceTitle "EXT 2005"]
[Source "ChessBase"]
[SourceDate "2004.11.15"]
[SourceVersion "1"]
[SourceVersionDate "2004.11.15"]
[SourceQuality "1"]

1. d4 d5 2. Nc3 e6 3. e4 c5 4. dxc5 d4 5. Nce2 Bxc5 6. Nf3 Nc6 7. Qd3 h6 8. Bf4 Qb6 9. Qb3 Qxb3 10. cxb3 Nge7 11. Rd1 Ng6 12. Bg3 e5 13. Kd2 Bg4 14. h3 Be6 15. h4 f6 16. Ne1 Bb4+ 17. Kc1 Bxe1 18. Rxe1 Nb4 19. Rd1 Nxa2+ 20. Kb1 Bxb3 21. Rd3 Be6 0-1

[Event "Werther Schloss op-B 9th"]
[Site "Werther"]
[Date "2003.04.12"]
[Round "2"]
[White "Mittmann, Volker"]
[Black "Mir Wais, Milod"]
[Result "1-0"]
[WhiteElo "1831"]
[BlackElo "1747"]
[PlyCount "47"]
[EventDate "2003.04.11"]
[EventType "swiss"]
[EventRounds "5"]
[EventCountry "GER"]
[SourceTitle "EXT 2006"]
[Source "ChessBase"]
[SourceDate "2005.11.24"]
[SourceVersion "1"]
[SourceVersionDate "2005.11.24"]
[SourceQuality "1"]

1. e4 c5 2. Nf3 d6 3. d4 cxd4 4. Nxd4 Nf6 5. Nc3 e6 6. Bc4 Be7 7. Bb3 0-0 8. Be3 Nc6 9. Qe2 a6 10. 0-0-0 Qc7 11. Rhg1 b5 12. g4 b4 13. Nxc6 Qxc6 14. Nd5 Bd8 15. g5 Nxe4 16. Qf3 exd5 17. Bxd5 Qa4 18. Qxe4 Rb8 19. g6 Bf6 20. Bd4 Kh8 21. Bxf6 gxf6 22. g7+ Kg8 23. gxf8Q+ Kxf8 24. Qxh7 1-0

[Event "GER-ch U12"]
[Site "Winterberg"]
[Date "2002.05.25"]
[Round "11"]
[White "Mir Wais, Milod"]
[Black "Fink, Leander"]
[Result "0-1"]
[WhiteElo "1529"]
[BlackElo "1492"]
[PlyCount "74"]
[EventDate "2002.05.19"]
[EventType "swiss"]
[EventRounds "11"]
[EventCountry "GER"]
[SourceTitle "CBM 088 Extra"]
[Source "ChessBase"]
[SourceDate "2002.07.01"]
[SourceVersion "2"]
[SourceVersionDate "2002.07.01"]
[SourceQuality "1"]

1. e4 Nc6 2. d4 d5 3. e5 Bf5 4. Nf3 e6 5. Bd3 Bxd3 6. Qxd3 Nge7 7. 0-0 Nf5 8. c3 Be7 9. b4 a5 10. b5 Na7 11. a4 Nc8 12. Ba3 Nb6 13. Bxe7 Qxe7 14. Na3 Nxa4 15. c4 Nb2 16. Qc2 Nxc4 17. Nxc4 dxc4 18. Qxc4 0-0 19. Ra4 Rfd8 20. Qc3 b6 21. Qc6 Qd7 22. Rc1 Qxc6 23. Rxc6 Ra7 24. Rac4 h5 25. Ng5 Rxd4 26. Rc1 Ne7 27. R6c3 Rb4 28. h3 Nd5 29. Rg3 Rxb5 30. Rd1 a4 31. Ne4 a3 32. Nf6+ Nxf6 33. Rd8+ Ne8 34. Rxe8+ Kh7 35. Re7 a2 36. Rxf7 a1Q+ 37. Kh2 Qxe5 0-1

[Event "GER-ch U12"]
[Site "Winterberg"]
[Date "2002.05.22"]
[Round "7"]
[White "Mir Wais, Milod"]
[Black "Fischer, Sven"]
[Result "1/2-1/2"]
[WhiteElo "1529"]
[BlackElo "1650"]
[PlyCount "61"]
[EventDate "2002.05.19"]
[EventType "swiss"]
[EventRounds "11"]
[EventCountry "GER"]
[SourceTitle "CBM 088 Extra"]
[Source "ChessBase"]
[SourceDate "2002.07.01"]
[SourceVersion "2"]
[SourceVersionDate "2002.07.01"]
[SourceQuality "1"]

1. e4 c5 2. Nf3 Nc6 3. d4 cxd4 4. Nxd4 g6 5. Nc3 Bg7 6. Be3 Nf6 7. f3 d5 8. Nxc6 bxc6 9. Qd2 e5 10. Bc5 d4 11. Ne2 Nd7 12. Ba3 c5 13. g4 Ba6 14. h4 h5 15. g5 f6 16. Bh3 Rc8 17. f4 Bxe2 18. Kxe2 fxg5 19. fxg5 0-0 20. Rhf1 Qc7 21. Rae1 Rxf1 22. Rxf1 Rd8 23. Qd3 Nb6 24. Be6+ Kh7 25. Rf7 Qd6 26. Bh3 c4 27. Qf3 d3+ 28. cxd3 cxd3+ 29. Kf2 Qd4+ 30. Kg2 d2 31. Rxg7+ 1/2-1/2

[Event "GER-ch U12"]
[Site "Winterberg"]
[Date "2002.05.21"]
[Round "6"]
[White "Rosner, Jonas"]
[Black "Mir Wais, Milod"]
[Result "1/2-1/2"]
[WhiteElo "1375"]
[BlackElo "1529"]
[PlyCount "62"]
[EventDate "2002.05.19"]
[EventType "swiss"]
[EventRounds "11"]
[EventCountry "GER"]
[SourceTitle "CBM 088 Extra"]
[Source "ChessBase"]
[SourceDate "2002.07.01"]
[SourceVersion "2"]
[SourceVersionDate "2002.07.01"]
[SourceQuality "1"]

1. e4 c5 2. Nf3 d6 3. d4 cxd4 4. Nxd4 Nf6 5. Nc3 e6 6. Be2 Be7 7. 0-0 0-0 8. Be3 Nc6 9. f4 a6 10. Bf3 Qc7 11. Qe1 Bd7 12. Rd1 Rac8 13. Qg3 Rfd8 14. Be2 Na5 15. f5 e5 16. Nf3 Nc4 17. Bxc4 Qxc4 18. Nd2 Qb4 19. Rb1 Qa5 20. Nb3 Qc7 21. Bh6 Bf8 22. Bg5 Kh8 23. Bxf6 gxf6 24. Qh4 Bg7 25. Nd5 Qxc2 26. Nxf6 Bxf6 27. Qxf6+ Kg8 28. Qg5+ Kh8 29. Qf6+ Kg8 30. Qg5+ Kh8 31. Qf6+ Kg8 1/2-1/2

[Event "NRW-ch U12"]
[Site "Winterberg"]
[Date "2002.04.05"]
[Round "6"]
[White "Luft, Dennis"]
[Black "Mir Wais, Milod"]
[Result "0-1"]
[WhiteElo "1407"]
[BlackElo "1530"]
[PlyCount "67"]
[EventDate "2002.04.01"]
[EventType "swiss"]
[EventRounds "7"]
[EventCountry "GER"]
[SourceTitle "EXT 2003"]
[Source "ChessBase"]
[SourceDate "2002.11.25"]
[SourceVersion "1"]
[SourceVersionDate "2002.11.25"]
[SourceQuality "1"]

1. e4 c5 2. Nf3 d6 3. d4 cxd4 4. Nxd4 Nf6 5. Nc3 e6 6. Bg5 Be7 7. Bd3 h6 8. Bh4 0-0 9. 0-0 Nc6 10. Nf3 a6 11. a4 Qc7 12. Re1 b6 13. Qd2 Bb7 14. Rad1 Rac8 15. h3 Rfd8 16. Bg3 Na5 17. e5 dxe5 18. Nxe5 Bd6 19. Qe3 Nc6 20. Ng4 Nxg4 21. hxg4 Bxg3 22. fxg3 Nb4 23. g5 Nxd3 24. Rxd3 hxg5 25. Rxd8+ Rxd8 26. Qxg5 Rd7 27. Qg4 Rd2 28. Rc1 Rxg2+ 29. Kf1 Rxg3 30. Qd4 Rf3+ 31. Ke2 Qh2+ 32. Ke1 Qg3+ 33. Kd2 Qg5+ 34. Ke1 0-1

[Event "NRW-ch U12"]
[Site "Winterberg"]
[Date "2002.04.02"]
[Round "3"]
[White "Strathoff, Jens"]
[Black "Mir Wais, Milod"]
[Result "1/2-1/2"]
[WhiteElo "1319"]
[BlackElo "1530"]
[PlyCount "62"]
[EventDate "2002.04.01"]
[EventType "swiss"]
[EventRounds "7"]
[EventCountry "GER"]
[SourceTitle "EXT 2003"]
[Source "ChessBase"]
[SourceDate "2002.11.25"]
[SourceVersion "1"]
[SourceVersionDate "2002.11.25"]
[SourceQuality "1"]

1. e4 c5 2. Nf3 d6 3. Nc3 Nf6 4. Bb5+ Bd7 5. Bxd7+ Nbxd7 6. d4 cxd4 7. Nxd4 e6 8. 0-0 Be7 9. Bg5 0-0 10. Nf3 a6 11. Bxf6 Nxf6 12. e5 dxe5 13. Nxe5 Qc7 14. Nf3 Rac8 15. a3 Bd6 16. Qd3 Rfd8 17. Qe2 Qb6 18. Rab1 Qc6 19. Ra1 Bb8 20. Rfd1 Qc7 21. h3 h6 22. Rxd8+ Rxd8 23. Rd1 Rxd1+ 24. Qxd1 Ba7 25. Qd3 Qb6 26. Nd1 Nd5 27. b3 Qc7 28. c4 Nf4 29. Qe4 Ng6 30. Ne3 Nf4 31. g3 Qd7 1/2-1/2

[Event "Ruhrgebiet-ch U14"]
[Site "Muelheim"]
[Date "2002.03.24"]
[Round "3"]
[White "Mir Wais, Milod"]
[Black "Palenta, Adam"]
[Result "1-0"]
[WhiteElo "1530"]
[BlackElo "1282"]
[PlyCount "49"]
[EventDate "2002.03.23"]
[EventType "swiss"]
[EventRounds "7"]
[EventCountry "GER"]
[SourceTitle "CBM 087 Extra"]
[Source "ChessBase"]
[SourceDate "2002.05.03"]
[SourceVersion "2"]
[SourceVersionDate "2002.08.09"]
[SourceQuality "1"]

1. e4 c5 2. Nf3 d6 3. d4 cxd4 4. Nxd4 Nf6 5. Nc3 a6 6. Bc4 e6 7. 0-0 Be7 8. Bb3 0-0 9. Be3 Bd7 10. f4 Nc6 11. Qf3 Nxd4 12. Bxd4 Bc6 13. Rae1 Rc8 14. Qg3 Ne8 15. Qh3 Bd7 16. Qe3 Bc6 17. Rd1 Nc7 18. f5 b5 19. Qg3 Bf6 20. Bxf6 Qxf6 21. fxe6 Qe7 22. exf7+ Kh8 23. Qxd6 Qxd6 24. Rxd6 Ba8 25. e5 1-0

[Event "Ruhrgebiet-ch U14"]
[Site "Muelheim"]
[Date "2002.03.23"]
[Round "1"]
[White "Mir Wais, Milod"]
[Black "Strathoff, Jens"]
[Result "1/2-1/2"]
[WhiteElo "1530"]
[BlackElo "1319"]
[PlyCount "155"]
[EventDate "2002.03.23"]
[EventType "swiss"]
[EventRounds "7"]
[EventCountry "GER"]
[SourceTitle "CBM 087 Extra"]
[Source "ChessBase"]
[SourceDate "2002.05.03"]
[SourceVersion "2"]
[SourceVersionDate "2002.08.09"]
[SourceQuality "1"]

1. e4 e5 2. Nf3 Nc6 3. Bb5 d6 4. 0-0 Bd7 5. c3 Nf6 6. Re1 Be7 7. d4 exd4 8. cxd4 0-0 9. Nc3 a6 10. Bd3 Bg4 11. Be3 Re8 12. h3 Bh5 13. Rc1 Qd7 14. Bb1 Rad8 15. a3 h6 16. Qe2 Nh7 17. Nd5 Bg5 18. Rcd1 Bxe3 19. Qxe3 f6 20. Nf4 Bf7 21. Qd3 Nf8 22. Qc2 g5 23. Ne2 Bg6 24. Ng3 d5 25. Qd2 dxe4 26. Nxe4 Kg7 27. Nc5 Qc8 28. Bxg6 Nxg6 29. Qc3 b6 30. Ne4 Qd7 31. d5 Nce5 32. Nxe5 Rxe5 33. Qf3 Rf8 34. Nc3 Rxe1+ 35. Rxe1 Ne5 36. Qd1 Rd8 37. Qd4 Re8 38. Rd1 Rd8 39. Ne4 c5 40. Qc3 Kg6 41. Qc2 f5 42. Nc3 Qe7 43. Qe2 b5 44. Kf1 Rd6 45. Re1 Kf6 46. Qh5 Qf8 47. Qe2 Qe7 48. Qh5 Kg7 49. Qe2 Kf6 50. Qh5 Qf8 51. Qe2 Qe8 52. g3 Rd7 53. f4 gxf4 54. gxf4 Re7 55. fxe5+ Rxe5 56. Qf2 b4 57. axb4 cxb4 58. Qh4+ Kg6 59. Qg3+ Kf6 60. Qxe5+ Qxe5 61. Rxe5 Kxe5 62. Na2 a5 63. Ke2 Kxd5 64. Kd3 f4 65. b3 Ke5 66. Nc1 Kd5 67. Ne2 f3 68. Ng3 Ke5 69. Ke3 f2 70. Kxf2 Kf4 71. Ne2+ Ke4 72. Nc1 h5 73. Ke2 h4 74. Na2 Kf4 75. Kf2 Ke4 76. Ke2 Kf4 77. Kf2 Ke4 78. Ke2 1/2-1/2

[Event "NRW-Ferienturnier U16"]
[Site "Wewelsburg"]
[Date "2001.08.18"]
[Round "7"]
[White "Palenta, Adam"]
[Black "Mir Wais, Milod"]
[Result "0-1"]
[WhiteElo "1331"]
[BlackElo "1598"]
[PlyCount "50"]
[EventDate "2001.08.??"]
[EventType "swiss"]
[EventRounds "7"]
[EventCountry "GER"]
[SourceTitle "EXT 2003"]
[Source "ChessBase"]
[SourceDate "2002.11.25"]
[SourceVersion "1"]
[SourceVersionDate "2002.11.25"]
[SourceQuality "1"]

1. e4 c5 2. Nf3 d6 3. d4 cxd4 4. Nxd4 Nf6 5. Nc3 e6 6. Bg5 Be7 7. Bd3 h6 8. Bh4 0-0 9. 0-0 Nc6 10. Re1 Nxd4 11. e5 dxe5 12. Rxe5 Nc6 13. Re2 a6 14. Rd2 Qc7 15. Bg3 e5 16. a3 Be6 17. Qe2 Rad8 18. Re1 Bd6 19. Bh4 Be7 20. h3 Rfe8 21. Ne4 Nxe4 22. Qxe4 f5 23. Qa4 b5 24. Bxb5 axb5 25. Rxd8 Rxd8 0-1